Renaissance philosophy
Saved in:
| Hovedforfatter: | |
|---|---|
| Format: | Bog |
| Sprog: | engelsk |
| Udgivet: |
Cambridge
Cambridge University Press
2007
|
| Udgivelse: | 1a. ed |
| Serier: | The Cambridge Companion To
|
| Fag: | |
| Tags: |
Tilføj Tag
Ingen Tags, Vær først til at tagge denne postø!
|
MARC
| LEADER | 00000cam a2200000 a 4500 | ||
|---|---|---|---|
| 001 | UCC3188 | ||
| 003 | CL-VaPUC | ||
| 008 | 180422e20070000uk |||||||||||||||||eng|d | ||
| 020 | |a 9780521846483 | ||
| 082 | 0 | 4 | |a 190 |b HAN |2 21 |
| 100 | 0 | |a Hankins, James |e author |9 597214 | |
| 245 | 1 | 0 | |a Renaissance philosophy |
| 250 | |a 1a. ed | ||
| 300 | |a 430 p | ||
| 942 | |c BK | ||
| 945 | |d 20180422 17:11:00 |a arojas | ||
| 260 | |a Cambridge |b Cambridge University Press |c 2007 | ||
| 650 | 0 | |a Filosofía renacentista |9 268121 | |
| 650 | 0 | |a Filosofía moderna |9 258121 | |
| 650 | 0 | |a Historia de la filosofía |9 256920 | |
| 583 | |a last modification |c 20180422 17:11:00 |k Rodrigo Vera | ||
| 490 | 0 | |a The Cambridge Companion To | |
| 999 | |c 370994 |d 370992 | ||
| 952 | |0 0 |1 0 |3 erb |4 0 |6 190_000000000000000_HAN_2007 |7 0 |8 A |9 487828 |a BIBEDU |b BIBEDU |i 5465842 |o 190 HAN 2007 |p 5465842 |r 2019-11-24 |w 2019-11-24 |y BK |z Catalogado en:20180422 |k FIL | ||